Social formations and cultural patterns of ancient and medieval world/ (Record no. 11773)

MARC details
000 -LEADER
fixed length control field 00536nam a22001937a 4500
005 - DATE AND TIME OF LATEST TRANSACTION
control field 20240229133643.0
008 - FIXED-LENGTH DATA ELEMENTS--GENERAL INFORMATION
fixed length control field 240229b ||||| |||| 00| 0 eng d
020 ## - INTERNATIONAL STANDARD BOOK NUMBER
International Standard Book Number 9788119948697
040 ## - CATALOGING SOURCE
Original cataloging agency IN-DiNC
Transcribing agency IN-DiNC
041 ## - LANGUAGE CODE
Language code of sung or spoken text English
082 ## - DEWEY DECIMAL CLASSIFICATION NUMBER
Classification number 909
Item number SEN
100 ## - MAIN ENTRY--PERSONAL NAME
Personal name Sen, Sanjay
Relator term Author
245 ## - TITLE STATEMENT
Title Social formations and cultural patterns of ancient and medieval world/
Statement of responsibility, etc. by Sanjay Sen
250 ## - EDITION STATEMENT
Edition statement 1st ed.
260 ## - PUBLICATION, DISTRIBUTION, ETC.
Place of publication, distribution, etc. Guwahati:
Name of publisher, distributor, etc. Ashok publication,
Date of publication, distribution, etc. 2024.
300 ## - PHYSICAL DESCRIPTION
Extent 701p.
650 ## - SUBJECT ADDED ENTRY--TOPICAL TERM
Topical term or geographic name entry element World history
942 ## - ADDED ENTRY ELEMENTS (KOHA)
Source of classification or shelving scheme Dewey Decimal Classification
Koha item type Books
Holdings
Withdrawn status Lost status Source of classification or shelving scheme Damaged status Not for loan Collection code Home library Current library Shelving location Date acquired Cost, normal purchase price Total Checkouts Full call number Barcode Date last seen Copy number Price effective from Koha item type
    Dewey Decimal Classification     History Central Library, Naharkatiya College Central Library, Naharkatiya College General Stacks 29/02/2024 550.00   909 SEN 29732 29/02/2024 1 29/02/2024 Books
    Dewey Decimal Classification     History Central Library, Naharkatiya College Central Library, Naharkatiya College General Stacks 29/02/2024 550.00   909 SEN 29733 29/02/2024 2 29/02/2024 Books

Naharkatiya College © 2020. All rights reserved.

Powered By